000
nam a22 7a 4500
999
_c
49418
_d
49418
003
OSt
005
20191212093938.0
008
191212b xxu||||| |||| 00| 0 eng d
040
_c
IIMT UNIVERSITY
100
_a
ENGLISH
245
_a
HOLY BIBLE GOOD NEWS ED.
260
_a
BANGALORE
_b
BSI
_c
2019
300
_a
362
942
_2
ddc
_c
01